Myers pushes industry towards 21st century (Record no. 68948)

MARC details
000 -LEADER
fixed length control field 00796cam a2200229 4500
001 - CONTROL NUMBER
control field ABS64757
008 - FIXED-LENGTH DATA ELEMENTS--GENERAL INFORMATION
fixed length control field 011127n2001 000 0 eng u
035 ## - SYSTEM CONTROL NUMBER
System control number (Sirsi) u115759
100 ## - MAIN ENTRY--PERSONAL NAME
Personal name Myers, K.
245 ## - TITLE STATEMENT
Title Myers pushes industry towards 21st century
260 ## - PUBLICATION, DISTRIBUTION, ETC.
Date of publication, distribution, etc. 2001
490 ## - SERIES STATEMENT
Series statement Construction News
Volume/sequential designation (6739) 25 October 2001, 10-11(2)
520 ## - SUMMARY, ETC.
Summary, etc. Outline of how Kevin Myers, the Health and Safety Executive's chief inspector of construction intends to ensure there is a change of culture in the construction industry regarding health and safety.
590 ## - LOCAL NOTE (RLIN)
Local note ABS
650 ## - SUBJECT ADDED ENTRY--TOPICAL TERM
Topical term or geographic name entry element HSE
650 ## - SUBJECT ADDED ENTRY--TOPICAL TERM
Topical term or geographic name entry element CONSTRUCTION INDUSTRY
650 ## - SUBJECT ADDED ENTRY--TOPICAL TERM
Topical term or geographic name entry element HEALTH AND SAFETY
9 (RLIN) 6244
650 ## - SUBJECT ADDED ENTRY--TOPICAL TERM
Topical term or geographic name entry element RISKS
650 ## - SUBJECT ADDED ENTRY--TOPICAL TERM
Topical term or geographic name entry element SAFETY PERFORMANCE
690 ## - LOCAL SUBJECT ADDED ENTRY--TOPICAL TERM (OCLC, RLIN)
Topical term or geographic name as entry element BUILT ENVIRONMENT-BUILDING STANDARDS
942 ## - ADDED ENTRY ELEMENTS (KOHA)
Suppress in OPAC 0
Holdings
Withdrawn status Lost status Source of classification or shelving scheme Damaged status Not for loan Home library Current library Shelving location Date acquired Total Checkouts Full call number Barcode Date last seen Copy number Price effective from Koha item type
    Dewey Decimal Classification     London London Journal article 27/11/2001   ABS64757 115759-1001 06/08/2019 1 06/08/2019 Journal article